000 00289nam a2200109Ia 4500
008 200302s9999 xx 000 0 und d
100 _aNicholas J. Clifford and Others ed.,
245 _aKey concepts in geography 2nd ed.
260 _bSage Publication Ltd.,
260 _c2009
300 _a462
999 _c6257
_d6257